Santa María de Aconcagua: Historia de la comuna.

Uloženo v:
Podrobná bibliografie
Hlavní autor: Bahamonde Barría, Nelson (autor)
Další autoři: Urtubia Aguilar, Pamela (autor)
Médium: Kniha
Jazyk:španělština
Vydáno: Santiago, Chile: Producciones Chile a la Vista, 2005.
Edice:Patrimonio
Témata:
Tagy: Přidat tag
Žádné tagy, Buďte první, kdo vytvoří štítek k tomuto záznamu!

MARC

LEADER 00000cam a2200000 a 4500
001 UCH0036
003 CL-VaPUC
005 20241018121459.0
008 090108t20050000CL |||||||||||||||||spa|d
999 |c 332441  |d 332439 
040 |c Pontificia Universidad Católica de Valparaíso 
082 0 4 |a 983.8324 BAH 2005  |2 21 
100 0 |a Bahamonde Barría, Nelson  |e autor  |9 534107 
245 1 0 |a Santa María de Aconcagua:  |b Historia de la comuna. 
260 |a Santiago, Chile:  |b Producciones Chile a la Vista,  |c 2005. 
300 |a 194 páginas 
490 0 |a Patrimonio 
500 |a c.2 Donación profesor Sr. Eduardo Cavieres. 05-08-2019 Para el maestro Eduardo Cavieres, una parte de nuestra historia. Nelson. 
583 |a last modification  |c 20190809 09:43:57  |k Rodrigo Vera 
650 0 |a Historia de Chile  |x Ciudades  |9 265473 
651 0 |a Santa María  |9 511438  |x Ciudades  |z Los Andes  |z Chile 
700 0 |a Urtubia Aguilar, Pamela  |e autor  |9 534108 
852 |a BIBCUR 
942 |c BK  |2 ddc 
945 |d 20090108 00:00:00  |a rbrito 
952 |0 0  |1 0  |2 ddc  |4 0  |6 983_832400000000000_BAH_2005  |7 0  |8 A  |9 420153  |a BIBHIS  |b BIBHIS  |d 2019-11-22  |i 4510615  |o 983.8324 BAH 2005  |p 4510615  |r 2025-01-20  |t 1  |w 2019-11-22  |y BK  |k HIS 
952 |0 0  |1 0  |2 ddc  |3 erb  |4 0  |6 983_832400000000000_BAH_2005  |7 0  |8 X  |9 420154  |a FDOBUD  |b FDOBUD  |i 5594642  |o 983.8324 BAH 2005  |p 5594642  |r 2019-11-22  |t 2  |w 2019-11-22  |y BK_X  |z Catalogado en:20190809  |k BUD